| 000 | 00456nam a22001457a 4500 | ||
|---|---|---|---|
| 003 | OSt | ||
| 005 | 20240404101147.0 | ||
| 008 | 240404b |||||||| |||| 00| 0 eng d | ||
| 040 | _cCentral Library MRSPTU | ||
| 100 | _aDr. Ajitpal Singh (ਡਾ. ਅਜੀਤਪਾਲ ਸਿੰਘ) | ||
| 245 | _aTadrust Kiwe Rahye (ਤੰਦਰੁਸਤ ਕਿਵੇਂ ਰਹੀਏ) | ||
| 260 |
_aBarnala _bTarkbharti Parkashan _c2003 |
||
| 300 | _a167 | ||
| 942 |
_2ddc _cBK _n0 |
||
| 999 |
_c9986 _d9986 |
||